Đặc trưng truyện ngắn Anh Mỹ

Khái quát truyện ngắn Anh - Mỹ, các vấn đề đặc sắc của truyện ngắn Anh - Mỹ cả về lý luận lẫn văn học sử; đi sâu phân tích phong cách, đặc trưng riêng của một số tác giả truyện ngắn tiêu biểu nhằm minh hoạ cho một thể loại truyện ngắn nhất định...

Deskribapen osoa

Gorde:
Xehetasun bibliografikoak
Egile nagusia: Lê Huy Bắc
Formatua: Liburua
Hizkuntza:Vietnamese
Argitaratua: H. Đại học Sư phạm 2013
Edizioa:Tái bản lần thứ 1 có chỉnh lí
Gaiak:
Anh
Etiketak: Etiketa erantsi
Etiketarik gabe, Izan zaitez lehena erregistro honi etiketa jartzen!
Thư viện lưu trữ: Mạng thư viện Đại học Đà Nẵng
LEADER 01662aam a22004218a 4500
001 000023011
003 19460
005 20150522150503.0
008 150522s2013 viesd
020 |c 58000đ  |d 500b 
041 0 |a vie 
082 0 4 |2 23  |a 823  |b LÊ-B 
100 1 |a Lê Huy Bắc 
245 1 0 |a Đặc trưng truyện ngắn Anh Mỹ  |c Lê Huy Bắc 
250 |a Tái bản lần thứ 1 có chỉnh lí 
260 |a H.  |b Đại học Sư phạm  |c 2013 
300 |a 419 tr.  |c 21 cm. 
504 |a Thư mục: tr. 417-419 
520 |a Khái quát truyện ngắn Anh - Mỹ, các vấn đề đặc sắc của truyện ngắn Anh - Mỹ cả về lý luận lẫn văn học sử; đi sâu phân tích phong cách, đặc trưng riêng của một số tác giả truyện ngắn tiêu biểu nhằm minh hoạ cho một thể loại truyện ngắn nhất định 
650 0 4 |a Truyện ngắn Anh  |x Đặc trưng 
650 0 4 |2 Bộ TK TVQG  |a Truyện ngắn Mỹ 
650 7 |2 Bộ TK TVQG 
650 7 |2 Bộ TK TVQG 
650 7 |2 Bộ TK TVQG 
651 7 |2 Bộ TK TVQG  |a Mỹ 
651 7 |2 Bộ TK TVQG  |a Anh 
653 |a Truyện ngắn Anh 
653 |a Truyện ngắn Mỹ 
OWN |a LSP 
AVA |a UDN50  |b LSP  |d 823 LÊ-B  |e available  |t Error 5001 Not defined in file expand_doc_bib_avail.  |f 5  |g 0  |h N  |i 0  |k 1 
999 |a From the UDN01 
AVA |a UDN50  |b LSP  |d 823 LÊ-B  |e available  |t Error 5001 Not defined in file expand_doc_bib_avail.  |f 5  |g 0  |h N  |i 0  |k 1 
TYP |a Monograph 
TYP |a Printed language 
980 |a Mạng thư viện Đại học Đà Nẵng